000 00773nam a2200265 a 4500
001 20333
003 BD-RjUL
005 20211209000542.0
008 140227r19811980ii a b 001 0 eng d
020 _a0706915348
035 _aBD-RjUL)20395
040 _aDLC
_cDLC
_dOCL
_dDJB
_dEQO
_dBD-RjUL
_beng
041 _aeng
082 _a339.01
_bVAM 1981
100 1 _aVaish, M. C
_962670
245 1 0 _aMacro-economic theory /
_cVaish, M. C
250 _a6th ed
260 _aDelhi :
_bVikas Publications,
_cc1973, [Reprinted 1980-81]
300 _axii, 565 p. :
_bill. ;
_c23 cm.
504 _aIncludes bibliographical references and index.
650 0 _aEconomics, Mathematical.
_962671
650 0 _aMacroeconomics.
_962672
942 _2ddc
_cBK
999 _c20333
_d20333